José Martí, 1853-1895 : (Record no. 172333)

MARC details
000 -LEADER
campo de control de longitud fija 00771nam a22002175i 4500
001 - NÚMERO DE CONTROL
campo de control 172333
003 - IDENTIFICADOR DE NÚMERO DE CONTROL
campo de control ES-MaACL
005 - FECHA Y HORA DE LA ÚLTIMA TRANSACCIÓN
campo de control 20231226160026.0
008 - DATOS DE LONGITUD FIJA--INFORMACIÓN GENERAL
campo de control de longitud fija 090625s1995 mx |||| | spa d
100 1# - ENTRADA PRINCIPAL--NOMBRE DE PERSONA
Nombre de persona López Civeira, Francisca.
9 (RLIN) 140850
245 10 - MENCIÓN DEL TÍTULO
Título José Martí, 1853-1895 :
Resto del título la dignidad humana /
Mención de responsabilidad, etc. Francisca López Civeira.
260 ## - PUBLICACIÓN, DISTRIBUCIÓN, ETC.
Lugar de publicación, distribución, etc. [Michoacán, México] :
Nombre del editor, distribuidor, etc. Universidad Michoacana de San Nicolás de Hidalgo,
Fecha de publicación, distribución, etc. [1995]
300 ## - DESCRIPCIÓN FÍSICA
Extensión 76 p. :
Otras características físicas il. ;
Dimensiones 21 cm.
490 1# - MENCIÓN DE SERIE
Mención de serie Latinoamericanos ;
Designación de volumen o secuencia 3
600 14 - PUNTO DE ACCESO ADICIONAL DE MATERIA--NOMBRE DE PERSONA
Nombre de persona Martí, José,
Fechas asociadas al nombre 1853-1895
9 (RLIN) 77189
651 #4 - PUNTO DE ACCESO ADICIONAL DE MATERIA--NOMBRE GEOGRÁFICO
Nombre geográfico Cuba-
Subdivisión general Historia-
Subdivisión cronológica 1810-1899.
9 (RLIN) 148036
710 2# - ENTRADA AGREGADA--NOMBRE DE ENTIDAD CORPORATIVA
Nombre de entidad corporativa o nombre de jurisdicción como elemento de entrada Universidad Michoacana.
9 (RLIN) 170991
830 1# - PUNTO DE ACCESO ADICIONAL DE SERIE-TÍTULO UNIFORME
Título uniforme Latinoamericanos ;
Designación de volumen o secuencia 3
9 (RLIN) 223301
852 ## - LOCALIZACIÓN
Ubicación ES-MaACL
Número de control de estantería 2251-F-28
Holdings
Estatus retirado Estado de pérdida Estado de daño No para préstamo Colección Biblioteca de origen Biblioteca actual Ubicación en estantería Fecha de adquisición Fuente de adquisición Total de préstamos Signatura topográfica completa Código de barras Visto por última vez Precio de reemplazo Tipo de ítem Koha
        Colección de folletos Biblioteca del Ateneo de Madrid Biblioteca del Ateneo de Madrid Depósito folletos 25/06/2009     2251-F-28 1180848 23/02/2023 23/02/2023 Folleto